Wszyscy prezydenci USA - Statystyki

Ogólne statystyki
  • Ten quiz został rozwiązany 99 razy
  • Średni wynik to 21 z 46
Statystyki odpowiedzi
Rok Prezydenci % Poprawnych
2009-2017 Barack Obama
94%
2021-obecnie(2024) Joseph R. Biden
92%
1989-1993 George Bush
81%
2001-2009 George W. Bush
81%
1961-1963 John F. Kennedy
75%
1789-1797 George Waszyngton
74%
1861-1865 Abraham Lincoln
71%
1993-2001 Bill Clinton
69%
1981-1989 Ronald Reagan
69%
1933-1945 Franklin D. Roosevelt
65%
1901-1909 Theodore Roosevelt
65%
1969-1974 Richard M. Nixon
61%
1801-1809 Thomas Jefferson
55%
1974-1977 Gerald R. Ford
53%
1945-1953 Harry S. Truman
53%
1913-1921 Woodrow Wilson
53%
1953-1961 Dwight D. Eisenhower
51%
1825-1829 John Quincy Adams
51%
1797-1801 John Adams
49%
1865-1869 Andrew Johnson
48%
1963-1969 Lyndon B. Johnson
48%
1869-1877 Ulysses S. Grant
38%
1809-1817 James Madison
35%
1909-1913 William H. Taft
34%
1929-1933 Herbert Hoover
32%
1809-1825 James Monroe
32%
1977-1981 Jimmy Carter
32%
1897-1901 William Mckinley
32%
1829-1837 Andrew Jackson
31%
1889-1893 Benjamin Harrison
31%
1841-1841 Wiliam Henry Harrison
31%
1845-1849 James K. Polk
30%
1885-1889 Grover Cleveland
29%
1893-1897 Grover Cleveland
29%
1923-1929 Calvin Coolidge
27%
1881-1885 Chester A. Arthur
27%
1881-1881 James A. Garfield
27%
1837-1841 Martin Van Buren
27%
1849-1850 Zachary Taylor
26%
1841-1845 John Tyler
25%
1857-1861 James Buchanan
23%
1850-1853 Millard Fillmore
23%
1853-1857 Franklin Pierce
22%
1877-1881 Rutherford Birchard Hayes
22%
1921-1923 Warren G. Harding
21%
2017-2021 Donald J.Trump
12%
Nie znaleziono quizów pasujących do podanych kryteriów
Rozkład punktacji
Procent ludzi z każdym wynikiem
Percentyl według liczby udzielonych odpowiedzi
Twoja historia wyników
Nie rozwiązałeś tego quizu